000 00596nam a22001697a 4500
003 UA-OsUOA
001 17333
007 ta
008 20040222b un ||||| |||| 00| 0 ukr d
942 _cSA
040 _aUA-OsUOA
_cUA-OsUOA
_dUA-OsUOA
245 _aВ крилах б'ються вітри : Ювілеї
_b[Патріарху укр. байки з Висоцька Дубровиц. р-ну П Красюку - 80 р.]
300 _aС.11
955 _a0
773 0 _w0
_tВісті Рівненщини
_dРівне
_d2004
_g№1/1 січ./
650 7 _aКраєзнавча робота
_2UDC
999 _c303501
_d303501